My Hero Academia Characters Quiz Stats

 Plays Quiz not verified by Sporcle

Score 0/150 Timer 20:00
2 Plays Today
Hint Answer % Correct
Class 1-AIzuku Midoriya
96.3%
Class 1-AKatsuki Bakugo
93.9%
Class 1-AShoto Todoroki
91.4%
Yuuei TeachersAll-Might
88.5%
Class 1-AMomo Yaoyorozu
88.3%
Class 1-AOchaco Uraraka
87.5%
Class 1-ATenya Iida
87.3%
Class 1-ATsuyu Asui
87%
Class 1-AEijiro Kirishima
85.9%
Class 1-AMinoru Mineta
85.2%
Class 1-AMina Ashido
84.7%
Class 1-ADenki Kaminari
84.3%
Yuuei TeachersEraserhead
83.9%
Class 1-AKyoka Jiro
82%
Class 1-AFumikage Tokoyami
79.6%
Class 1-AHanta Sero
77.4%
Class 1-AToru Hagakure
76%
Yuuei TeachersMidnight
74.4%
Class 1-AYuga Aoyama
73.7%
Class 1-AKoji Koda
73.6%
Pro HeroesIngenium
73.5%
Class 1-ARikido Sato
72.8%
Class 1-AMashirao Ojiro
72.7%
Class 1-AMezo Shoji
71.1%
Yuuei TeachersCementoss
69.7%
League of VillainsHimiko Toga
69.5%
League of VillainsDabi
69.2%
Yuuei TeachersPresent Mic
68.3%
League of VillainsTomura Shigaraki
66.8%
Pro HeroesMt. Lady
66.6%
Pro HeroesEndeavor
65.5%
Class 1-BNeito Monoma
64.3%
Class 1-BTetsutetsu Tetsutetsu
63.6%
League of VillainsAll for One
63.4%
Shie HassaikaiShin Nemoto
62.3%
Independent VillainsStain
61.8%
Yuuei TeachersPrincipal Nezu
61.8%
Other Yuuei StudentsHitoshi Shinso
60.9%
Class 1-BItsuka Kendo
60.1%
Other Yuuei StudentsMei Hatsume
55.7%
Pro HeroesBest Jeanist
52.9%
Other Yuuei StudentsMirio Togata
52%
Pro HeroesGran Torino
51.7%
League of VillainsTwice
51.2%
Pro HeroesKamui Woods
50.3%
Yuuei TeachersThirteen
49%
Yuuei TeachersRecovery Girl
48.7%
League of VillainsKurogiri
48.4%
Yuuei TeachersEctoplasm
47.7%
Student FamiliesInko Midoriya
47.6%
Hint Answer % Correct
Yuuei TeachersSnipe
46.8%
Other Yuuei StudentsTamaki Amajiki
46.4%
Yuuei TeachersVlad King
46.2%
Class 1-BIbara Shiozaki
45.3%
League of VillainsNomu
43.2%
Shie HassaikaiKai Chisaki
42.7%
Pro HeroesHawks
42%
Other Yuuei StudentsNejire Hado
42%
League of VillainsMuscular
40.5%
Other High SchoolsYo Shindo
40.4%
Class 1-BPony Tsunotori
40.4%
Pro HeroesTiger
39.9%
League of VillainsSpinner
39.2%
Pro HeroesRagdoll
39.2%
League of VillainsMagne
38.8%
Other High SchoolsCamie Utsushimi
38.6%
CiviliansKota Izumi
38.6%
Yuuei TeachersPower Loader
38.1%
Pro HeroesGang Orca
38.1%
League of VillainsMr. Compress
37.5%
Pro HeroesMandalay
37.4%
Student FamiliesMitsuki Bakugo
36.4%
Class 1-BYosetsu Awase
35.9%
Pro HeroesPixie-Bob
35.9%
Yuuei TeachersHound Dog
35.8%
League of VillainsMustard
35.6%
Class 1-BManga Fukidashi
35.2%
Student FamiliesRei Todoroki
35.1%
Yuuei TeachersLunch-Rush
35%
Pro HeroesGunhead
34.9%
CiviliansEri
34.9%
League of VillainsMoonfish
34.4%
Other High SchoolsInasa Yoarashi
34%
Pro HeroesEdgeshot
33.5%
Class 1-BYui Kodai
32.6%
Class 1-BShihai Kuroiro
32.3%
Pro HeroesSir Nighteye
32.3%
Pro HeroesFat Gum
32.1%
Pro HeroesDeath Arms
31.8%
Class 1-BJuzo Honenuki
31.8%
Other High SchoolsEmi Fukukado
31.7%
Class 1-BSen Kaibara
31.2%
Class 1-BHiryu Rin
30.7%
Class 1-BKinoko Komori
29.8%
Class 1-BSetsuna Tokage
29.7%
Class 1-BKosei Tsuburaba
29.3%
Class 1-BJurota Shishida
28.7%
Pro HeroesManual
28.7%
Class 1-BReiko Yanagi
28.5%
Class 1-BNirengeki Shoda
27.8%
Hint Answer % Correct
Class 1-BKojiro Bondo
27.6%
Student FamiliesFuyumi Todoroki
26.8%
Class 1-BTogaru Kamakiri
26.7%
Pro HeroesCrimson Riot
26.4%
Independent VillainsGentle
26.2%
Pro HeroesBubble Girl
25.5%
Pro HeroesFourth Kind
25.5%
Independent VillainsLa Brava
25.3%
Pro HeroesWash
24.6%
Student FamiliesNatsuo Todoroki
24.3%
Other High SchoolsSeiji Shishikura
24.2%
Pro HeroesBackdraft
24%
Pro HeroesNative
23.9%
Pro HeroesRyukyu
23.7%
Pro HeroesUwabami
23.3%
League of VillainsGiran
22.4%
Student FamiliesMasaru Bakugo
22.2%
Police ForceNaomasa Tsukauchi
22%
Student FamiliesHisashi Midoriya
21%
Pro HeroesMirko
20.8%
Pro HeroesRock Lock
20.3%
Pro HeroesCrust
20.3%
Shie HassaikaiHari Kurono
19.2%
League of VillainsGigantomachia
18.8%
Pro HeroesCentipeder
18.7%
Shie HassaikaiKendo Rappa
18.4%
Student FamiliesMika Jiro
18.4%
Other High SchoolsNagamasa Mora
17.5%
Shie HassaikaiJoi Irinaka
16.4%
Police ForceSansa Tamakawa
15%
Police ForceKenji Tsuragamae
15%
Student FamiliesBeru Asui
14.4%
Pro HeroesYoroi Musha
14.4%
Pro HeroesSnatch
14.1%
Student FamiliesGanma Asui
14.1%
Other High SchoolsShikkui Makabe
14.1%
Other High SchoolsTatami Nakagame
13.8%
Shie HassaikaiHekiji Tengai
13.7%
Shie HassaikaiSoramitsu Tabe
13.4%
Shie HassaikaiYu Hojo
13.2%
Shie HassaikaiToya Setsuno
12.9%
Pro HeroesKesagiriman
12.4%
Student FamiliesSatsuki Asui
12.3%
Student FamiliesSamidare Asui
11.7%
Student FamiliesKyotoku Jiro
11.7%
Shie HassaikaiDeidoro Sakaki
11.5%
Shie HassaikaiRikiya Katsukame
11.2%
CiviliansYokumiru Mera
11.2%
CiviliansDaikaku Miyagi
9.5%
CiviliansKomari Ikoma
7.8%

You're not logged in!

Compare scores with friends on all Sporcle quizzes.
OR
Log In

Show Comments

Extras

Top Quizzes Today


Score Distribution

Your Account Isn't Verified!

In order to create a playlist on Sporcle, you need to verify the email address you used during registration. Go to your Sporcle Settings to finish the process.

Report this User

Report this user for behavior that violates our Community Guidelines.

Details: